| 000 | 00548nam a2200181Ia 4500 | ||
|---|---|---|---|
| 999 |
_c22428 _d22428 |
||
| 003 | OSt | ||
| 005 | 20200512094158.0 | ||
| 008 | 190216s9999||||xx |||||||||||||| ||und|| | ||
| 020 | _a8171511902 | ||
| 040 | _coclc | ||
| 082 |
_a297 _bZAY/A |
||
| 100 |
_aZayd, Abdu R Rahman Abu _92197 |
||
| 245 | 0 |
_aAl Ghazali On Divine Predicates and Their Properties / _cAbdu R Rahman Abu Zayd |
|
| 260 |
_bKitab Bhavan, _c1994. _aNew Delhi: |
||
| 300 | _a115p | ||
| 650 | _aIslamic History | ||
| 942 |
_cBK _2ddc _h297 _iZAY/A _k297 _mZAY/A |
||